000 00373 a2200157 4500
001 180427
020 _a
040 _cMagnum
100 _aGianini, Eloisa Bombonatti
240 1 0 _aPortugues sala de leitura / 3 serie
_lpor
245 1 0 _aPortugues sala de leitura / 3 serie
362 0 _a1899
440 1 _aDo Brasil
697 _aMAGNITO: PARADIDATICO
942 _cBK
999 _c180427
_d180427